Statistics for Actor in Both Movies #3

Click here to take the quiz!

General Stats

  • This quiz has been taken 127 times
  • The average score is 11 of 15

Answer Stats

HintAnswer% Correct
Edward Scissorhands(1990) / Charlie and the Chocolate Factory(2005)Johnny Depp
95%
The Matrix(1999) / Speed(1994)Keanu Reeves
94%
Dirty Harry(1971) / Gran Torino(2008)Clint Eastwood
92%
Speed(1994) / Miss Congeniality(2000)Sandra Bullock
89%
The Graduate(1967) / Kramer vs Kramer(1979)Dustin Hoffman
83%
Goldfinger(1964) / The Untouchables(1987)Sean Connery
83%
Kramer vs Kramer(1979) / Sophie's Choice(1982)Meryl Streep
79%
Willy Wonka & the Chocolate Factory(1971) / Young Frankenstein(1974)Gene Wilder
78%
Ben Hur(1959) / Planet of the Apes(1968)Charlton Heston
74%
Cool Hand Luke(1967) / The Sting(1973)Paul Newman
68%
The Sting(1973) / The Horse Whisperer(1998)Robert Redford
53%
Bringing Up Baby(1938) / North By Northwest(1959)Cary Grant
52%
Miss Congeniality(2000) / Star Trek: The Motion Picture(1979)William Shatner
47%
Dr Strangelove(1964) / Being There(1979)Peter Sellers
46%
From Here to Eternity(1953) / Manchurian Candidate(1962)Frank Sinatra
32%

Score Distribution

Percentile by Number Answered

Percent of People with Each Score

Your Score History

You have not taken this quiz